Wanita dalam Parti Komunis Malaya (PKM) : berdasarkan tiga tokoh wanita terpilih (Shamsiah Fakeh, Suriani Abdullah dan Lee Meng) /
Saved in:
| Main Author: | |
|---|---|
| Format: | Thesis Book |
| Language: | Malay |
| Published: |
2008.
|
| Subjects: | |
| Tags: |
Add Tag
No Tags, Be the first to tag this record!
|
| LEADER | 01061cam a2200265 a 4500 | ||
|---|---|---|---|
| 001 | u794194 | ||
| 003 | SIRSI | ||
| 005 | 201007021704 | ||
| 008 | 100702s2008 my t 000 0 may m | ||
| 040 | |a UMM | ||
| 043 | |a a-my--- | ||
| 090 | |a D7 |b UM 2008 Rozk | ||
| 100 | 0 | |a Roziyati Komar. | |
| 245 | 1 | 0 | |a Wanita dalam Parti Komunis Malaya (PKM) : |b berdasarkan tiga tokoh wanita terpilih (Shamsiah Fakeh, Suriani Abdullah dan Lee Meng) / |c Roziyati binti Komar. |
| 260 | |c 2008. | ||
| 300 | |a vii, 141 leaves : |b ill. ; |c 30 cm. | ||
| 502 | |a Dissertation (M.A (Msian.Hist.)) -- Jabatan Sejarah, Fakulti Sastera dan Sains Sosial, Universiti Malaya, 2009. | ||
| 504 | |a Bibliography: leaves 131-141. | ||
| 610 | 2 | |a Parti Komunis Malaya. | |
| 650 | 0 | |a Women and communism |z Malaysia |x History |y 20th century. | |
| 650 | 0 | |a Communism |z Malaysia |x History |y 20th century. | |
| 710 | |a Universiti Malaya. |b Jabatan Sejarah. | ||
| 900 | |a ZA | ||
| 596 | |a 1 | ||
| 999 | |a D7 UM 2008 ROZK |w LC |c 1 |i A513582776 |d 8/6/2023 |e 8/6/2023 |f 17/3/2011 |g 1 |l STACKS |m P01UTAMA |n 12 |r Y |s Y |t TESIS |u 16/3/2011 | ||
